00913 a2200253 4500010001400000020002300014035001300037037001800050082001200068090001500080245015900095260004400254300003800298500002000336650003000356650002500386700001800411700001600429700001700445700001800462942002700480999001500507952013700522 aENG-88961 a8120334038c595.00 aEN-72494 bD.B.Act / Pub14a005.756 c9717d971710aMCTS self-paced training kit (exam 70-445):b Microsoft SQL Server 2005 business intelligence-implementation and maintenance /cby Erik Veerman...[et.al] aNew DelhibPrentice-Hall of Indiac2008 axxvi, 568 p.c24 cm (Hb)e+CD-ROM aIncludes index. aMicrosoft SQL server 2005 aDatabase management.1 aVeerman, Erik1 aLachev, Teo1 aSarka, Dejan1 aLoria, Javier adplcENk005.756 / MCT c9539d9539 00102ddc40718NFICaDBADbDBADeDBAD/PUBg595.00l0o005.756 MCTpEN-72494r2008-09-15 00:00:00t1u10525v595.00w2008-09-15yEN